ბათუმის შოთა რუსთაველის სახელმწიფო უნივერსიტეტის ბიბლიოთეკა

ლეგენდა რუსთაველზე (ბიბ.ჩანაწერი № 42253)

000 -LEADER
fixed length control field 00820nam a2200229Ia 4500
001 - CONTROL NUMBER
control field 8948
003 - CONTROL NUMBER IDENTIFIER
control field GE_BSU
008 - FIXED-LENGTH DATA ELEMENTS--GENERAL INFORMATION
fixed length control field 181216s||||||||xx |||||||||||||| ||und||
040 ## - CATALOGING SOURCE
Transcribing agency GE_BSU
080 ## - UNIVERSAL DECIMAL CLASSIFICATION NUMBER
Universal Decimal Classification number 821.353.1-2
100 ## - MAIN ENTRY--PERSONAL NAME
Personal name კასრაძე,დავით
245 ## - TITLE STATEMENT
Title ლეგენდა რუსთაველზე
245 ## - TITLE STATEMENT
Remainder of title ჰეროიკულ–დრამატული პოემა
245 ## - TITLE STATEMENT
Statement of responsibility, etc. რედ. შ.ნუცუბიძე.მხატვ.ი.ჯანაშვილი
260 ## - PUBLICATION, DISTRIBUTION, ETC.
Place of publication, distribution, etc. ბათუმი
260 ## - PUBLICATION, DISTRIBUTION, ETC.
Name of publisher, distributor, etc. სახელგამი
260 ## - PUBLICATION, DISTRIBUTION, ETC.
Date of publication, distribution, etc. 1962
300 ## - PHYSICAL DESCRIPTION
Extent 126გვ.17სმ.
653 ## - INDEX TERM--UNCONTROLLED
Uncontrolled term ლეგენდა რუსთაველზე
653 ## - INDEX TERM--UNCONTROLLED
Uncontrolled term ჰეროიკულ–დრამატული პოემა
942 ## - ADDED ENTRY ELEMENTS (KOHA)
Koha item type წიგნი
ეგზემპლარები
Withdrawn status Lost status Damaged status Not for loan Date acquired Barcode Date last seen Price effective from Koha item type Public note
        2018-12-17 31429 2018-12-17 2018-12-17 წიგნი 3ლ.
        2018-12-17 31430 2018-12-17 2018-12-17 წიგნი  
        2018-12-17 22272 2018-12-17 2018-12-17 წიგნი აგრარული ტექ.ფაკ.
        2018-12-17 22273 2018-12-17 2018-12-17 წიგნი აგრარული ტექ.ფაკ.
        2018-12-17 22274 2018-12-17 2018-12-17 წიგნი აგრარული ტექ.ფაკ.
        2018-12-17 22275 2018-12-17 2018-12-17 წიგნი აგრარული ტექ.ფაკ.